00365nam a2200145Ia 4500003000400000008004100004040001600045082001300061100001700074245004300091260003800134300001000172650001500182650002200197GCL140319s9999 xx 000 0 eng d aGCL / cGCL04a840bS A1 aSLEIM, AMMAR10aAUTOPSIE DE LA GUERRE / cSLEIM, AMMAR a[S.N] : bL'ART DE LA COMPOSITION a168 P04aLITERATURE04aFRENCH LITERATURE